Deutschland und die Slowakei : Einblicke in Wirtschaft, Politik, Kultur und die gegenseitigen Beziehungen Auslandsseminar Halle - Bratislava, September 2012

Salvato in:
Dettagli Bibliografici
Ente Autore: Ekonomická univerzita v Bratislave. Fakulta aplikovaných jazykov
Altri autori: Kuban, Heike, Ivaničová, Zlatica, Ahlrep, Christian
Natura: Libro
Lingua:tedesco
Pubblicazione: Bratislava Vydavateľstvo EKONÓM 2013
Edizione:1. vyd.
Soggetti:
Tags: Aggiungi Tag
Nessun Tag, puoi essere il primo ad aggiungerne!!

MARC

LEADER 00000nam a2200000 4500
001 0178481
005 20240502073032.2
020 |a 978-80-225-3707-0 
041 0 |a ger 
044 |a SK 
245 1 0 |a Deutschland und die Slowakei : Einblicke in Wirtschaft, Politik, Kultur und die gegenseitigen Beziehungen  |b Auslandsseminar Halle - Bratislava, September 2012  |c Heike Kuban (Hrsg.) 
250 |a 1. vyd. 
264 1 |a Bratislava  |b Vydavateľstvo EKONÓM  |c 2013 
300 |a 399 s. [20 AH] 
610 2 0 |a hospodárstvo národné 
610 2 0 |a politika 
610 2 0 |a kultúra 
610 2 0 |a vzťahy spoločenské 
610 2 0 |a vzťahy medzinárodné 
610 2 0 |a vzťahy hospodárske medzinárodné 
610 2 0 |a Nemecko 
610 2 0 |a Slovensko 
700 1 |a Kuban, Heike 
700 1 |a Ivaničová, Zlatica 
700 1 |a Ahlrep, Christian 
710 2 |a Ekonomická univerzita v Bratislave. Fakulta aplikovaných jazykov